| 000 | 00444nam a2200157 a 4500 | ||
|---|---|---|---|
| 005 | 20140412111303.0 | ||
| 008 | 010319s19uu xx 00 eng d | ||
| 020 | _a0-679-80139-1 | ||
| 050 |
_aER _bPe31 |
||
| 245 |
_aPeek-a-bug : _ba peek-a-board book / _cillustrated by Jerry Smath. |
||
| 260 |
_aNew York : _bRandom House, _c[n.d.] |
||
| 300 | _a1 v. (unp.) ; ill. | ||
| 650 | _aBugs - stories | ||
| 650 | _aBugs - Fiction | ||
| 999 |
_c103551 _d103551 |
||